[Event "Ruhrgebiet Verbandsklasse Gruppe 2 1516"]
[Site "Germany"]
[Date "2016.04.24"]
[Round "9.7"]
[White "Wienkamp, Frank"]
[Black "Wuebker, Paul Luca"]
[Result "0-1"]
[WhiteElo "1663"]
[BlackElo "1697"]
[PlyCount "48"]
[EventDate "2015.09.06"]
[EventType "team-tourn"]
[EventRounds "9"]
[EventCountry "GER"]
[SourceTitle "EXT 2022"]
[Source "ChessBase"]
[SourceDate "2021.10.06"]
[SourceVersion "1"]
[SourceVersionDate "2021.10.06"]
[SourceQuality "1"]
[WhiteTeam "Essen SK Germania Kupferdreh"]
[BlackTeam "Bochum SG IV"]
[WhiteTeamCountry "GER"]
[BlackTeamCountry "GER"]

1. e4 c5 2. Nf3 d6 3. d4 cxd4 4. Nxd4 Nf6 5. Nc3 g6 6. Be3 Bg7 7. f3 0-0 8. Qd2 Nc6 9. g4 Bd7 10. g5 Nh5 11. Nde2 Ne5 12. Nd4 a6 13. 0-0-0 b5 14. b3 Qa5 15. Kb1 Nxf3 16. Qd3 Ne5 17. Qd2 Nc6 18. Nxc6 Bxc6 19. Nd5 Qxd2 20. Nxe7+ Kh8 21. Rxd2 Bxe4 22. Bg2 Rae8 23. Re1 Rxe7 24. Bg1 Bxc2+ 0-1

[Event "Ruhrgebiet Verbandsklasse Gruppe 2 1516"]
[Site "Germany"]
[Date "2016.02.21"]
[Round "7.6"]
[White "Kremer, Moritz"]
[Black "Wienkamp, Frank"]
[Result "1/2-1/2"]
[WhiteElo "1802"]
[BlackElo "1672"]
[PlyCount "78"]
[EventDate "2015.09.06"]
[EventType "team-tourn"]
[EventRounds "9"]
[EventCountry "GER"]
[SourceTitle "EXT 2022"]
[Source "ChessBase"]
[SourceDate "2021.10.06"]
[SourceVersion "1"]
[SourceVersionDate "2021.10.06"]
[SourceQuality "1"]
[WhiteTeam "Muelheim Nord IV"]
[BlackTeam "Essen SK Germania Kupferdreh"]
[WhiteTeamCountry "GER"]
[BlackTeamCountry "GER"]

1. Nf3 Nf6 2. g3 g6 3. Bg2 Bg7 4. 0-0 c5 5. d3 d5 6. c3 Nc6 7. Nbd2 e5 8. Qc2 0-0 9. e4 dxe4 10. dxe4 Qe7 11. b3 b6 12. Rd1 Ba6 13. Nf1 Bxf1 14. Bxf1 Rad8 15. Bb2 Qe6 16. h3 Nd7 17. Nd2 g5 18. Nc4 Nf6 19. Ne3 Ne7 20. Bg2 Qc8 21. Qe2 Rxd1+ 22. Rxd1 Rd8 23. Rd2 Kf8 24. Qd1 Rxd2 25. Qxd2 Qd7 26. Qxd7 Nxd7 27. Kf1 Nc8 28. Nf5 Bf6 29. Ke2 Bd8 30. Kd3 b5 31. Bf3 Bc7 32. Bg4 Nf6 33. Be2 Nb6 34. Ba3 Nfd7 35. Bg4 Ke8 36. Ne3 Bd6 37. c4 b4 38. Bc1 h6 39. Nf5 Bf8 1/2-1/2

[Event "Ruhrgebiet Verbandsklasse Gruppe 2 1516"]
[Site "Germany"]
[Date "2015.09.27"]
[Round "2.6"]
[White "Wienkamp, Frank"]
[Black "Meise, Ulrich"]
[Result "0-1"]
[WhiteElo "1666"]
[BlackElo "1796"]
[PlyCount "90"]
[EventDate "2015.09.06"]
[EventType "team-tourn"]
[EventRounds "9"]
[EventCountry "GER"]
[SourceTitle "EXT 2022"]
[Source "ChessBase"]
[SourceDate "2021.10.06"]
[SourceVersion "1"]
[SourceVersionDate "2021.10.06"]
[SourceQuality "1"]
[WhiteTeam "Essen SK Germania Kupferdreh"]
[BlackTeam "Gerthe Werne"]
[WhiteTeamCountry "GER"]
[BlackTeamCountry "GER"]

1. e4 e5 2. Nf3 Nf6 3. Nxe5 d6 4. Nf3 Nxe4 5. Nc3 Nxc3 6. dxc3 Be7 7. Bf4 Nc6 8. Qd2 Be6 9. Bd3 Qd7 10. 0-0-0 Bf6 11. Rhe1 0-0-0 12. h3 a6 13. Kb1 Na7 14. Ng5 Rde8 15. Re2 h6 16. Nxe6 fxe6 17. Bg6 Rd8 18. g4 Kb8 19. Rde1 e5 20. Bg3 Qa4 21. Re4 Qa5 22. h4 d5 23. Rxe5 Bxe5 24. Bxe5 Nc6 25. Bxg7 Rhg8 26. Qxh6 Rd7 27. Bf6 Qc5 28. Re8+ Rxe8 29. Bxe8 Rd6 30. Qh8 Ka7 31. Bxc6 Qxc6 32. Bd4+ b6 33. f4 Re6 34. b3 Kb7 35. Be5 a5 36. a3 b5 37. g5 b4 38. a4 bxc3 39. Bxc3 Re4 40. Be5 Qc5 41. Kb2 d4 42. Bxd4 Qxd4+ 43. Qxd4 Rxd4 44. h5 Rxf4 45. Kc3 Rf5 0-1

[Event "Dortmund Sparkassen op-B"]
[Site "Dortmund"]
[Date "2015.07.04"]
[Round "8"]
[White "Kracht, Raphael"]
[Black "Wienkamp, Frank"]
[Result "1/2-1/2"]
[WhiteElo "1539"]
[BlackElo "1719"]
[PlyCount "117"]
[EventDate "2015.06.27"]
[EventType "swiss"]
[EventRounds "9"]
[EventCountry "GER"]
[SourceTitle "CBM 167 Extra"]
[Source "ChessBase"]
[SourceDate "2015.09.14"]
[SourceVersion "1"]
[SourceVersionDate "2015.09.14"]
[SourceQuality "1"]

1. e4 d6 2. d4 Nf6 3. Nc3 c6 4. f4 Qa5 5. Bd3 e5 6. dxe5 dxe5 7. fxe5 Ng4 8. Nf3 Nxe5 9. Nxe5 Qxe5 10. 0-0 Bc5+ 11. Kh1 Be6 12. Bf4 Qd4 13. Qh5 Nd7 14. Rad1 g6 15. Qh6 Bf8 16. Qh4 h6 17. Qg3 h5 18. h3 h4 19. Qe1 Be7 20. e5 g5 21. Bf5 Qc4 22. Bxe6 Qxe6 23. Bh2 0-0-0 24. Qf2 Bc5 25. Qxf7 Rhe8 26. Qxe6 Rxe6 27. Ne4 Be7 28. Nd6+ Kc7 29. Rfe1 Rf8 30. Kg1 Rg8 31. Nc4 g4 32. hxg4 Rxg4 33. Ne3 Re4 34. Nf5 Bc5+ 35. Kh1 Rg4 36. Re2 b5 37. Nd6 Nf8 38. Ne4 Bb6 39. Nf6 Rg5 40. Red2 Kb7 41. Rd6 Bc5 42. Rxe6 Nxe6 43. Ne4 Rf5 44. Nd6+ Bxd6 45. exd6 Kc8 46. Bg1 a6 47. d7+ Kc7 48. Bh2+ Kd8 49. Bg1 Rd5 50. Rxd5 cxd5 51. Bf2 Kxd7 52. Bxh4 Kd6 53. Kg1 Ke5 54. Kf1 Ke4 55. Ke1 Nd4 56. c3 Nc2+ 57. Kd2 Ne3 58. g3 Nc4+ 59. Kc2 1/2-1/2

[Event "Dortmund Sparkassen op-B"]
[Site "Dortmund"]
[Date "2015.07.02"]
[Round "6"]
[White "Grunwald, Guenther"]
[Black "Wienkamp, Frank"]
[Result "1-0"]
[WhiteElo "1601"]
[BlackElo "1719"]
[PlyCount "99"]
[EventDate "2015.06.27"]
[EventType "swiss"]
[EventRounds "9"]
[EventCountry "GER"]
[SourceTitle "CBM 167 Extra"]
[Source "ChessBase"]
[SourceDate "2015.09.14"]
[SourceVersion "1"]
[SourceVersionDate "2015.09.14"]
[SourceQuality "1"]

1. e4 e6 2. d4 d5 3. e5 c5 4. c3 Nc6 5. Nf3 Bd7 6. Bd3 cxd4 7. cxd4 Qb6 8. Bc2 Nb4 9. Nc3 Nxc2+ 10. Qxc2 Rc8 11. Qd1 Qa6 12. Qe2 Qb6 13. a4 Bb4 14. Bd2 a6 15. 0-0 Ba5 16. Rfb1 Qb3 17. Qd1 Qc4 18. Ra3 Bb4 19. Raa1 Ne7 20. Rc1 Qd3 21. Qc2 Qxc2 22. Rxc2 0-0 23. Rcc1 Nc6 24. h3 Na5 25. Nxd5 Rxc1+ 26. Rxc1 Bxd2 27. Rc7 exd5 28. Rxd7 Bc1 29. Rxd5 Nb3 30. Rd7 Rb8 31. d5 Kf8 32. Rc7 Bxb2 33. d6 Na5 34. d7 Nc6 35. Rc8+ Ke7 36. d8Q+ Nxd8 37. Rxb8 Kd7 38. Kf1 Kc7 39. Ra8 Ba3 40. Ke2 Be7 41. Kd3 b6 42. Ra7+ Nb7 43. Kc4 a5 44. Kb5 Kb8 45. Ra6 Bc5 46. Ng5 Nd8 47. Rxb6+ Bxb6 48. Kxb6 h6 49. Nf3 Nb7 50. Nd4 1-0

[Event "Dortmund Sparkassen op-B"]
[Site "Dortmund"]
[Date "2015.06.30"]
[Round "4"]
[White "Austrup, David"]
[Black "Wienkamp, Frank"]
[Result "1-0"]
[WhiteElo "1868"]
[BlackElo "1719"]
[PlyCount "49"]
[EventDate "2015.06.27"]
[EventType "swiss"]
[EventRounds "9"]
[EventCountry "GER"]
[SourceTitle "CBM 167 Extra"]
[Source "ChessBase"]
[SourceDate "2015.09.14"]
[SourceVersion "1"]
[SourceVersionDate "2015.09.14"]
[SourceQuality "1"]

1. e4 d6 2. d4 Nf6 3. Nc3 c6 4. f4 Qa5 5. Bd3 e5 6. Nf3 Nbd7 7. 0-0 Be7 8. h3 exd4 9. Nxd4 Qb6 10. Be3 Qxb2 11. Qd2 Qa3 12. Ncb5 cxb5 13. Nxb5 Qa4 14. Nc7+ Kd8 15. Nxa8 Nxe4 16. Bxe4 Qxe4 17. Bxa7 b6 18. Nxb6 Ba6 19. Nxd7 Bxf1 20. Rxf1 Kxd7 21. Bd4 Rc8 22. c3 g6 23. Re1 Qd5 24. Qe2 Bh4 25. Qg4+ 1-0

[Event "Dortmund Sparkassen op-B"]
[Site "Dortmund"]
[Date "2014.07.16"]
[Round "5"]
[White "Wienkamp, Frank"]
[Black "Stemmler, Fabian"]
[Result "0-1"]
[WhiteElo "1783"]
[BlackElo "1555"]
[PlyCount "82"]
[EventDate "2014.07.12"]
[EventType "swiss"]
[EventRounds "9"]
[EventCountry "GER"]
[SourceTitle "EXT 2022"]
[Source "ChessBase"]
[SourceDate "2021.10.06"]
[SourceVersion "1"]
[SourceVersionDate "2021.10.06"]
[SourceQuality "1"]

1. e4 e5 2. Nf3 Nc6 3. d4 exd4 4. Nxd4 Qh4 5. Nc3 Bb4 6. Ndb5 Qxe4+ 7. Be2 Bxc3+ 8. bxc3 Kd8 9. 0-0 a6 10. Bf3 Qc4 11. Na3 Qc5 12. Nb1 Qf8 13. Na3 Ne5 14. Rb1 Nxf3+ 15. Qxf3 Ne7 16. Nc4 Nc6 17. Ba3 Qg8 18. Rbd1 f6 19. Rd5 Ne7 20. Bxe7+ Kxe7 21. Rc5 Kd8 22. Qf4 c6 23. Re1 b5 24. Qd6 Qf8 25. Qxf8+ Rxf8 26. Nd6 Kc7 27. Ne8+ Kd8 28. Nxg7 Rg8 29. Nh5 d6 30. Rxc6 Bb7 31. Rxd6+ Kc7 32. Rxf6 Rxg2+ 33. Kf1 Rag8 34. Re7+ Kc8 35. Rxh7 Rxh2 36. Ke2 Re8+ 37. Kd2 Be4 38. Rhh6 Rh3 39. Rxa6 Rd8+ 40. Kc1 Rxc3 41. Ng3 Rxc2+ 0-1

[Event "Dortmund Sparkassen op-B"]
[Site "Dortmund"]
[Date "2014.07.12"]
[Round "1"]
[White "Wienkamp, Frank"]
[Black "Sherif, Malik"]
[Result "1/2-1/2"]
[WhiteElo "1783"]
[BlackElo "1419"]
[PlyCount "87"]
[EventDate "2014.07.12"]
[EventType "swiss"]
[EventRounds "9"]
[EventCountry "GER"]
[SourceTitle "EXT 2022"]
[Source "ChessBase"]
[SourceDate "2021.10.06"]
[SourceVersion "1"]
[SourceVersionDate "2021.10.06"]
[SourceQuality "1"]

1. e4 e5 2. Nf3 Nc6 3. d4 exd4 4. Bc4 d6 5. 0-0 Bg4 6. Bxf7+ Kxf7 7. c3 Nf6 8. Ng5+ Ke8 9. f3 Bc8 10. cxd4 h6 11. Nh3 Bxh3 12. gxh3 Qd7 13. Kg2 Ke7 14. Be3 Re8 15. Nc3 Kd8 16. Rc1 a6 17. Qa4 g5 18. d5 Ne5 19. Qd4 Nh5 20. Ne2 Bg7 21. Qa7 Qc8 22. Rxc7 Kxc7 23. Rc1+ Kd7 24. Rxc8 Kxc8 25. Bb6 Nd7 26. Qa8+ Nb8 27. Ba7 Kc7 28. Bxb8+ Rxb8 29. Qa7 Bxb2 30. a4 Ra8 31. Qe3 Be5 32. Qc1+ Kd7 33. Qb1 Rab8 34. a5 Nf4+ 35. Nxf4 Bxf4 36. Qa1 Be5 37. Qa4+ Ke7 38. Qa2 Rhc8 39. h4 Rc7 40. Kh3 Rbc8 41. Qb1 Kf6 42. Kg4 Kg6 43. h5+ Kg7 44. h4 1/2-1/2

[Event "Dortmund Sparkassen op-B"]
[Site "Dortmund"]
[Date "2013.08.02"]
[Round "7"]
[White "Wienkamp, Frank"]
[Black "Schroelkamp, Carsten"]
[Result "1-0"]
[WhiteElo "1790"]
[BlackElo "1488"]
[PlyCount "57"]
[EventDate "2013.07.27"]
[EventType "swiss"]
[EventRounds "9"]
[EventCountry "GER"]
[SourceTitle "EXT 2022"]
[Source "ChessBase"]
[SourceDate "2021.10.06"]
[SourceVersion "1"]
[SourceVersionDate "2021.10.06"]
[SourceQuality "1"]

1. e4 c6 2. d4 d5 3. e5 Bf5 4. Nc3 e6 5. g4 Bg6 6. Nge2 c5 7. h4 h5 8. Nf4 Bh7 9. Nxh5 cxd4 10. Nb5 Nc6 11. Nxd4 Nge7 12. Bg5 Qb6 13. Bxe7 Kxe7 14. Nxc6+ bxc6 15. Bd3 Qxb2 16. f4 Bxd3 17. cxd3 g6 18. Rb1 Qc3+ 19. Ke2 gxh5 20. Qa4 Rc8 21. Rhc1 Qxc1 22. Qxa7+ Kd8 23. Rxc1 Rc7 24. Qa8+ Rc8 25. Qa5+ Kd7 26. g5 Be7 27. Qb6 c5 28. Rc3 Rb8 29. Qa7+ 1-0

[Event "Dortmund Sparkassen op-B"]
[Site "Dortmund"]
[Date "2012.07.19"]
[Round "6"]
[White "Dolgopolyj, Vladimir"]
[Black "Wienkamp, Frank"]
[Result "0-1"]
[WhiteElo "1852"]
[BlackElo "1665"]
[PlyCount "92"]
[EventDate "2012.07.14"]
[EventType "swiss"]
[EventRounds "9"]
[EventCountry "GER"]
[SourceTitle "EXT 2014"]
[Source "ChessBase"]
[SourceDate "2013.11.20"]
[SourceVersion "1"]
[SourceVersionDate "2013.11.20"]
[SourceQuality "1"]

1. e4 e6 2. d4 d5 3. e5 c5 4. c3 Nc6 5. Nf3 Bd7 6. a3 cxd4 7. cxd4 Nge7 8. b4 Nf5 9. Bb2 Nh4 10. Nbd2 g6 11. Nxh4 Qxh4 12. Nf3 Qe7 13. b5 Na5 14. Bc3 Qd8 15. Qa4 b6 16. Be2 Rc8 17. Bxa5 bxa5 18. Qb3 Qb6 19. 0-0 Bh6 20. h4 0-0 21. Rfd1 Rc7 22. Ng5 Rfc8 23. Qf3 Bxg5 24. hxg5 Rc3 25. Qf6 a4 26. Qe7 Bxb5 27. Rab1 a6 28. Kh2 Qc6 29. Bg4 Rc7 30. Qd8+ Kg7 31. Qf6+ Kg8 32. Qd8+ Qe8 33. Qxe8+ Bxe8 34. Rb8 Rc8 35. Rdb1 Bb5 36. Rxc8+ Rxc8 37. Re1 Rc3 38. Re3 Rc2 39. Rf3 Rd2 40. Rf4 Bc4 41. Kg1 Ra2 42. Rf3 Ra1+ 43. Kh2 Be2 44. Rf4 Bxg4 45. Rxg4 Rxa3 46. Rf4 Rb3 0-1

[Event "Dortmund Sparkassen op-B"]
[Site "Dortmund"]
[Date "2012.07.18"]
[Round "5"]
[White "Wienkamp, Frank"]
[Black "Gegner, Michael"]
[Result "1-0"]
[WhiteElo "1665"]
[BlackElo "1533"]
[PlyCount "39"]
[EventDate "2012.07.14"]
[EventType "swiss"]
[EventRounds "9"]
[EventCountry "GER"]
[SourceTitle "EXT 2014"]
[Source "ChessBase"]
[SourceDate "2013.11.20"]
[SourceVersion "1"]
[SourceVersionDate "2013.11.20"]
[SourceQuality "1"]

1. e4 e5 2. Nf3 f5 3. Bc4 fxe4 4. Nxe5 Qg5 5. Bf7+ Kd8 6. d4 Qxg2 7. Ke2 d6 8. Rg1 Qh3 9. Rg3 Qxh2 10. Bg5+ Be7 11. Qd2 dxe5 12. dxe5+ Bd7 13. Nc3 h6 14. Bxe7+ Nxe7 15. e6 Nf5 16. Nxe4 Nxg3+ 17. Nxg3 Qh3 18. Rd1 Kc8 19. exd7+ Nxd7 20. Qd5 1-0